000
00315nam a22001217a 4500
020
_a
0-13-164302-(
082
_a
629.895 AST'C
100
_a
WITTENMARK, B , ASTROM, K.J
_9
65345
245
_a
COMPUTER CONTROLLED SYSTEM , THEORY AND DESIGN
260
_a
LONDON
_b
PRENTICE HALL
_c
1984
300
_a
430P
942
_c
BK
999
_c
573588
_d
573588